Statistics for Lord of the Rings - Word Puzzle #1

Click here to take the quiz!

General Stats

  • This quiz has been taken 830 times
  • The average score is 12 of 20

Answer Stats

HintAnswer% Correct
Big, puffy, brown hairstyle + A female deerFrodo
86%
A list of fees or charges + Used to shoot arrowsBilbo
79%
Alike + Very cleverSamwise
79%
Small plastic building block + Old word for a young, sweet womanLegolas
74%
Taste of Lemons + Harry Potter's best friend (male)Sauron
72%
Meaning of 'p' in 'km p/h' + The laying of this makes the platypus special + To smilePeregrin
71%
7th letter of the alphabet + word meaning 'plus' + TV series with a brown alien from MelmakGandalf
66%
A long long way to run + the symbols for the elements of Americium and IridiumFaramir
62%
To speak out something + A chamber in a house, separated by walls + a male personSaruman
61%
Vowel + To be in debt to + To be victoriousEowyn
59%
An explosive + evil + sickTom Bombadil
57%
Prisoner's area in a jail + Brought into life by birthCeleborn
56%
Happy, cheerful + to join two numbers + saying that means something is alrightMeriadoc
56%
To drill a hole + To wander + Old word meaning beforeBoromir
55%
Commonly used word that comes before a noun + Not even + Lair of an animalTheoden
54%
A festive, celebrative occasion + a young man + true and actual, not imaginaryGaladriel
43%
A lair + The 5th element which composes stars and planets, according to the Ancient GreeksDenethor
42%
To apply by spreading + Place to kick the ball into in soccerSmeagol
39%
A macaw + blood that is shedAragorn
36%
Grass used for malt production + a male person + margarine + a prickly covering of seedsBarliman Butterbur
32%

Score Distribution

Percentile by Number Answered

Percent of People with Each Score

Your Score History

You have not taken this quiz